| 000 | 00808nam a2200217 a 4500 | ||
|---|---|---|---|
| 001 | BRCA_1849 | ||
| 005 | 20190320203557.0 | ||
| 008 | 050608s1985----mx-a---###---#000-0#spa-# | ||
| 050 | 4 |
_aNE2314 _b.V37 1985 |
|
| 100 | 1 |
_aVargas Lugo de Bosch, Elisa _9656 |
|
| 245 | 1 | 0 |
_aColección de grabados y litografías del Banco de México _cpor Elisa Vargas Lugo, Elena Estrada Gerlero, Elena Horz de Vía ; Rafael Rivera fotógrafo. |
| 260 |
_aMéxico _bBanco de México _c1985 |
||
| 300 |
_a2 v. _bil. _c28 cm. |
||
| 650 | 1 | 4 |
_aGrabado _ySiglo XIX _zMéxico _9117 |
| 650 | 1 | 4 |
_aLitografía _ySiglo XIX _zMéxico _95742 |
| 650 | 1 | 4 |
_aViajeros extranjeros en México _ySiglo XIX _95093 |
| 700 | 1 |
_aEstrada de Gerlero, Elena _95743 |
|
| 700 | 1 |
_aHorz de Vía, Elena _9499 |
|
| 700 | 1 |
_aRivera, Rafael _95744 |
|
| 942 |
_2lcc _cB |
||
| 999 |
_c1627 _d1627 |
||